000 00989nam a2200277 a 4500
001 000080999
005 20200120224419.0
008 161108s2014 ck ||||gr|||| 001 ||spa d
020 _a9789585833555
041 0 _a*+spa
043 _as-ck---
082 0 4 _a863.09861
_bB63
_221
245 0 0 _aBogotá cuenta :
_bescritos bajo un mismo cielo. /
_cDarío Jaramillo Agudelo... [et al] ; edición, Melba Escobar de Nogales.
250 _a1a. ed.
260 _aBogotá :
_bInstituto Distrital de las Artes,
_c2014.
300 _a238 páginas :
_bfotografías.
500 _aIncluye índice
650 1 7 _aCuentos colombianos
_xColecciones
_2LEMB
650 2 7 _aEscritores colombianos
_vEntrevistas
_2LEMB
650 2 7 _aVida cotidiana
_xCuentos
_2LEMB
650 2 4 _aTalleres de escritura
_xCuentos
_zBogotá (Colombia)
650 2 4 _aTalleres de lectura
_xCuentos
_zBogotá (Colombia)
700 1 _aMontes, Mauricio
700 1 _aJiménez, Santiago
700 1 _aEscobar de Nogales, Melba
_eeditora
999 _c9415
_d9415